Trade Negotiations During the 109th Congress.

Examines issues related to Bush Administration trade negotiating strategy known as "competitive liberalization," which emphasizes a bilateral rather than a multilateral strategy for U.S. trade policy. Explains notification and consultation requirements for Administration trade agreement pr...

Full description

Bibliographic Details
Corporate Authors: Library of Congress. Congressional Research Service, ProQuest (Firm)
Format: eBook
Language:English
Published: [Place of publication not identified] : [publisher not identified], 2005.
Series:U.S. Congressional Research.
Subjects:
Online Access:Connect to the full text of this electronic book

MARC

Tag First Indicator Second Indicator Subfields
LEADER 00000cam a22000001a 4500
001 in00003306021
006 m d f
007 cr bn mmmapmmp
008 101203s2005 dcu o f000 0 eng d
005 20260430153809.5
035 |a cis2007849660 
040 |a ProQuest  |c ProQuest  |d UtOrBLW 
043 |a n-us--- 
099 |a CRS-2005-FDT-0914 
110 2 |a Library of Congress.  |b Congressional Research Service. 
245 1 0 |a Trade Negotiations During the 109th Congress. 
264 1 |a [Place of publication not identified] :  |b [publisher not identified],  |c 2005. 
300 |a 1 online resource. 
336 |a text  |b txt  |2 rdacontent 
337 |a computer  |b c  |2 rdamedia 
338 |a online resource  |b cr  |2 rdacarrier 
500 |a Record is based on bibliographic data in ProQuest U.S. Congressional Research Digital Collection (last viewed Dec. 2010). Reuse except for individual research requires license from ProQuest, LLC. 
500 |a CRS Report. 
520 |a Examines issues related to Bush Administration trade negotiating strategy known as "competitive liberalization," which emphasizes a bilateral rather than a multilateral strategy for U.S. trade policy. Explains notification and consultation requirements for Administration trade agreement proposals, and reviews status of current U.S. multilateral, regional, and bilateral trade agreements and negotiations, and other potential trade agreements. 
500 |a Electronic resource. 
650 0 |a Negotiation. 
650 0 |a Commercial treaties. 
650 0 |a Trade regulation. 
655 7 |a Electronic books.  |2 local 
710 2 |a ProQuest (Firm) 
776 0 8 |i Microfiche version:   |a Library of Congress. Congressional Research Service.  |t Trade Negotiations During the 109th Congress 
830 0 |a U.S. Congressional Research. 
856 4 0 |u http://proxy.library.tamu.edu/login?url=https://congressional.proquest.com/congcomp/getdoc?CRDC-ID=CRS-2005-FDT-0914  |z Connect to the full text of this electronic book  |t 0 
999 |a MARS 
999 f f |s 0c7a8ba0-ef59-31c3-897c-4de5440fafb4  |i 52fa69ca-72b3-3de0-8c82-49a0747e4ef0  |t 0 
952 f f |a Texas A&M University  |b College Station  |c Electronic Resources  |s www_evans  |d Available Online  |t 0  |e CRS-2005-FDT-0914  |h Other scheme 
998 f f |a CRS-2005-FDT-0914  |t 0  |l Available Online